Propuesta de análisis y diseño del Sistema Administrador de Competencias Atléticas
Presenta una propuesta de un sistema administrativo para la federación Nicaragüense de Atletismo que ayude a gestionar sus competencias atléticas de forma satisfactoria. Aborda el análisis y diseño de una herramienta informática para administrar competencias Atléticas.
| Main Authors: | , |
|---|---|
| Other Authors: | |
| Format: | Tesis Section = Libro |
| Language: | Undetermined Spanish |
| Published: |
Managua
UNI
2011
|
| Subjects: |
| LEADER | 01068nam a2200253Ia 4500 | ||
|---|---|---|---|
| 008 | 240830s9999 xx 000 0 und d | ||
| 040 | |a BIBLIOTECA-RUSB/ T.Mon 005.362 E74 | ||
| 041 | |a spa | ||
| 082 | |a T.Mon 005.362 E74 | ||
| 100 | 1 | |a Escobar Ramírez, Rafael José | |
| 100 | 1 | |b Gutiérrez Leiva, Denis Daniel | |
| 245 | 1 | 0 | |a Propuesta de análisis y diseño del Sistema Administrador de Competencias Atléticas |
| 260 | |a Managua |b UNI |c 2011 | ||
| 300 | |a 81 p. :il. | ||
| 502 | |a Tesis (Ingeniero en Computación) - UNI, 2011. | ||
| 520 | 3 | |a Presenta una propuesta de un sistema administrativo para la federación Nicaragüense de Atletismo que ayude a gestionar sus competencias atléticas de forma satisfactoria. Aborda el análisis y diseño de una herramienta informática para administrar competencias Atléticas. | |
| 650 | 7 | |a INFORMATICA | |
| 650 | 7 | |b HERRAMIENTA INFORMATICA | |
| 650 | 7 | |c AUTOMATIZACION | |
| 650 | 7 | |d BASES DE DATOS | |
| 700 | 1 | |a Tutor: |b Díaz Chow, José Leónidas | |
| 942 | |c BK |2 ddc | ||
| 991 | |a TESIS | ||
| 999 | |c 21599 | ||